000 00354nam a2200157Ia 4500
008 230605s1991 xx 000 0 und d
041 _aeng
100 _aAndrews
245 _aHotel House-Keeping Mannual
250 _a7th
260 _bTata Mc.Grawhill Co.
_c1991
300 _a136p
520 _aGeneral
520 _aHard Board
650 _aH.K.
999 _c419834
_d419834